[Event "Elite Players Over 2400"]
[Site "SchemingMind.com"]
[Date "2021.09.06"]
[Round "-"]
[White "Giraldo Menendez Rodriguez"]
[Black "Carlos Vila Hernández"]
[Result "1/2-1/2"]
[WhiteCountry "CUB"]
[BlackCountry "CUB"]
[WhiteElo "2585"]
[WhiteRD "73"]
[BlackElo "2484"]
[BlackRD "86"]
[GameID "715059"]

1. Nf3 Nf6 2. c4 g6 3. Nc3 Bg7 4. e4 d6 5. d4 O-O 6. Be2 e5 7. O-O Nc6 8. d5 Ne7 9. Ne1 Nd7 10. f3 f5
11. Nd3 f4 12. b4 g5 13. c5 Nf6 14. a4 h5 15. a5 Ng6 16. Nf2 Bh6 17. a6 bxa6 18. Bxa6 g4 19. fxg4 Bxg4 20. Nxg4 hxg4
21. Be2 Qd7 22. Ra6 Nh4 23. g3 Qh7 24. gxh4 f3 25. Bxh6 Qxh6 26. Bxf3 gxf3 27. Rxf3 Nh5 28. Ra1 Rxf3 29. Qxf3 Rf8 30. Qg2+ Kh8
31. Kh1 Rg8 32. Qf3 Rf8 33. Qd3 Nf4 34. Qe3 Qxh4 35. Rf1 Rb8 36. Rg1 a6 37. Rg3 Rxb4 38. cxd6 cxd6 39. Qa7 Qf6 40. Qxa6 Qf8
41. Qa1=
1/2-1/2

[Event "Elite Players Over 2400"]
[Site "SchemingMind.com"]
[Date "2021.09.06"]
[Round "-"]
[White "Carlos Vila Hernández"]
[Black "Giraldo Menendez Rodriguez"]
[Result "1/2-1/2"]
[WhiteCountry "CUB"]
[BlackCountry "CUB"]
[WhiteElo "2484"]
[WhiteRD "86"]
[BlackElo "2585"]
[BlackRD "73"]
[GameID "715060"]

1. e4 c5 2. Nf3 d6 3. d4 cxd4 4. Nxd4 Nf6 5. Nc3 a6 6. Be3 e5 7. Nb3 Be6 8. f3 h5 9. Nd5 Bxd5 10. exd5 Nbd7
11. Qd2 g6 12. Be2 Bg7 13. O-O b6 14. c4 O-O 15. h3 Re8 16. Rad1 Rc8 17. Qe1 Nh7 18. Nd2 e4 19. f4 Bxb2 20. Nb3 Nc5
21. f5 g5 22. f6 Nd3 23. Qd2 Rxc4 24. Bxg5 b5 25. Bxd3 Bc3 26. Qf4 exd3 27. Qg3 Kh8 28. Bh4 Bxf6 29. Bxf6+ Nxf6 30. Qxd3 Ne4
31. Rxf7 Kg8 32. Rdf1 Rc3 33. Qe2 Ng3 34. Qf2 Ne2+ 35. Kh2 Ng3 36. Kg1=
1/2-1/2

[Event "Elite Players Over 2400"]
[Site "SchemingMind.com"]
[Date "2021.09.06"]
[Round "-"]
[White "Jari Laine"]
[Black "Giraldo Menendez Rodriguez"]
[Result "0-1"]
[WhiteCountry "FIN"]
[BlackCountry "CUB"]
[WhiteElo "2504"]
[WhiteRD "81"]
[BlackElo "2602"]
[BlackRD "71"]
[GameID "715061"]

1. e4 c5 2. Nf3 d6 3. g3 Nf6 4. d3 g6 5. Bg2 Nc6 6. O-O Bg7 7. c3 O-O 8. Re1 e5 9. a3 b5 10. h3 a5
11. Be3 a4 12. Nbd2 Qb6 13. Nh2 Be6 14. Qe2 Rae8 15. Rac1 Nd7 16. Nhf3 f6 17. Nh4 Ne7 18. f4 exf4 19. Bxf4 g5
0-1

[Event "Elite Players Over 2400"]
[Site "SchemingMind.com"]
[Date "2021.09.07"]
[Round "-"]
[White "Giraldo Menendez Rodriguez"]
[Black "Jari Laine"]
[Result "1/2-1/2"]
[WhiteCountry "CUB"]
[BlackCountry "FIN"]
[WhiteElo "2595"]
[WhiteRD "71"]
[BlackElo "2494"]
[BlackRD "79"]
[GameID "715062"]

1. Nf3 c5 2. c4 Nc6 3. Nc3 g6 4. e3 Nf6 5. d4 cxd4 6. exd4 d5 7. cxd5 Nxd5 8. Qb3 e6 9. Bb5 Bg7 10. O-O O-O
11. Bxc6 bxc6 12. Na4 Qd6 13. Re1 Rb8 14. Qd3 c5 15. Nxc5 Nb4 16. Qc3 Bb7 17. a3 Nd5 18. Qd3 Ne7 19. b4 Nf5 20. Nxb7 Rxb7
21. Qe4 Qb6 22. Bb2 Rd7 23. Rac1 a5 24. Ne5 Rd5 25. Nc4 Qb8 26. bxa5 Qb5 27. a4 Qa6 28. Nb6 Rxa5 29. Nd7 Rc8 30. g4 Nd6
31. Qf4 Rxc1 32. Rxc1 Rd5 33. Ba1 h5 34. h3 hxg4 35. hxg4 Qxa4 36. Nb6 Rxd4 37. Bxd4 Qxd4 38. Qxd4 Bxd4 39. Rd1=
1/2-1/2

[Event "Elite Players Over 2400"]
[Site "SchemingMind.com"]
[Date "2021.09.06"]
[Round "-"]
[White "Jari Laine"]
[Black "Carlos Vila Hernández"]
[Result "1/2-1/2"]
[WhiteCountry "FIN"]
[BlackCountry "CUB"]
[WhiteElo "2494"]
[WhiteRD "78"]
[BlackElo "2484"]
[BlackRD "86"]
[GameID "715063"]

1. d4 Nf6 2. c4 e6 3. g3 d5 4. Nf3 dxc4 5. Qa4+ Nbd7 6. Bg2 a6 7. Nc3 Rb8 8. Qxc4 b5 9. Qd3 Bb7 10. O-O c5
11. dxc5 Bxc5 12. Bf4 Rc8 13. Rad1 O-O 14. Ne5 Bxg2 15. Kxg2 Nxe5 16. Bxe5 Qxd3 17. Rxd3 Rfd8 18. Rxd8+ Rxd8 19. Rc1 Be7 20. Bf4 h6
21. h4 Kf8 22. Kf3 Nd7 23. a4 g5 24. hxg5 hxg5 25. Be3 Ne5+ 26. Kg2 Nc4 27. axb5 Nxe3+ 28. fxe3 axb5 29. Nxb5 Rb8 30. Nd4 Rxb2
31. Kf2 Bd6 32. Ra1 Ke7 33. g4 Kf6 34. Rc1 Rb4 35. Kf3 Be5 36. Nc6 Rb3 37. Nxe5 Kxe5 38. Rc5+ Kf6 39. Ra5 Rb8 40. e4 Rc8
41. e3 Rh8=
1/2-1/2

[Event "Elite Players Over 2400"]
[Site "SchemingMind.com"]
[Date "2021.09.06"]
[Round "-"]
[White "Carlos Vila Hernández"]
[Black "Jari Laine"]
[Result "1/2-1/2"]
[WhiteCountry "CUB"]
[BlackCountry "FIN"]
[WhiteElo "2484"]
[WhiteRD "86"]
[BlackElo "2494"]
[BlackRD "78"]
[GameID "715064"]

1. e4 c5 2. Nf3 e6 3. d4 cxd4 4. Nxd4 Nc6 5. Nc3 Qc7 6. Be3 a6 7. Qd2 Nf6 8. O-O-O Be7 9. f3 b5 10. g4 Nxd4
11. Bxd4 Bb7 12. Kb1 O-O 13. Qf2 d5 14. g5 Nh5 15. Bb6 Qb8 16. exd5 b4 17. d6 Bxd6 18. Ne4 Be5 19. Bc4 Nf4 20. Nc5 Bc6
21. Nd3 Rc8 22. h4 Nxd3 23. Rxd3 Bg3 24. Qg1 Bb5 25. b3 Bc7 26. Be3 Bxc4 27. bxc4 Bf4 28. Qg4 Bxe3 29. Rxe3 Qa7 30. Rhe1 Qc7
31. Rd3 Rd8 32. Rxd8+ Rxd8 33. h5 g6 34. h6 Kf8 35. Qe4 Ke7 36. Kb2 a5 37. Qe5 Qxc4 38. Qf6+ Ke8 39. Qh8+ Ke7 40. Qf6+=
1/2-1/2

[Event "Elite Players Over 2400"]
[Site "SchemingMind.com"]
[Date "2021.09.27"]
[Round "-"]
[White "Jari Laine"]
[Black "The Chess Machine"]
[Result "1/2-1/2"]
[WhiteCountry "FIN"]
[BlackCountry "ENG"]
[WhiteElo "2494"]
[WhiteRD "79"]
[BlackElo "2536"]
[BlackRD "76"]
[GameID "715709"]

1. e4 e6 2. d3 d5 3. Nd2 Nf6 4. Ngf3 c5 5. g3 b5 6. Bg2 Be7 7. O-O Nc6 8. Re1 Bb7 9. e5 Nd7 10. Nf1 a5
11. a3 a4 12. h4 h6 13. c3 Rc8 14. d4 cxd4 15. cxd4 Na5 16. N1d2 Nb6 17. b4 axb3 18. Nxb3 Nxb3 19. Qxb3 Bc6 20. Bd2 Nc4
21. Bb4 Ra8 22. Rec1 Qc7=
1/2-1/2

[Event "Elite Players Over 2400"]
[Site "SchemingMind.com"]
[Date "2021.09.27"]
[Round "-"]
[White "The Chess Machine"]
[Black "Jari Laine"]
[Result "1/2-1/2"]
[WhiteCountry "ENG"]
[BlackCountry "FIN"]
[WhiteElo "2536"]
[WhiteRD "76"]
[BlackElo "2494"]
[BlackRD "79"]
[GameID "715710"]

1. e4 c5 2. Nf3 e6 3. b3 b6 4. Bb2 Bb7 5. Nc3 Nc6 6. d4 cxd4 7. Nxd4 Nf6 8. f3 a6 9. Nxc6 dxc6 10. Qxd8+ Rxd8
11. a3 Nd7 12. Be2 h5 13. Nd1 h4 14. Ne3 f6 15. Rd1 b5 16. Kf2 Be7 17. Rd2 Nc5 18. Rhd1 Rxd2 19. Rxd2 Bc8 20. g3=
1/2-1/2

[Event "Elite Players Over 2400"]
[Site "SchemingMind.com"]
[Date "2021.09.25"]
[Round "-"]
[White "The Chess Machine"]
[Black "Giraldo Menendez Rodriguez"]
[Result "1/2-1/2"]
[WhiteCountry "ENG"]
[BlackCountry "CUB"]
[WhiteElo "2536"]
[WhiteRD "76"]
[BlackElo "2595"]
[BlackRD "71"]
[GameID "715711"]

1. e4 c5 2. Nc3 a6 3. Nge2 Nf6 4. g3 e5 5. d3 d6 6. a4 Nc6 7. Bg2 Be7 8. h3 Rb8 9. g4 b5 10. Ng3 O-O
11. axb5 axb5 12. Nd5 b4 13. Nxe7+ Nxe7 14. Bg5 Ne8 15. Nf5 f6 16. Be3 Nc7 17. c3= Ne6 18. O-O g6 19. Nxe7+ Qxe7 20. Qd2 g5
21. d4 bxc3 22. bxc3 exd4 23. cxd4 cxd4 24. Bxd4 Nxd4 25. Qxd4 Qe5 26. Rfd1 Qxd4=
1/2-1/2

[Event "Elite Players Over 2400"]
[Site "SchemingMind.com"]
[Date "2021.09.26"]
[Round "-"]
[White "Giraldo Menendez Rodriguez"]
[Black "The Chess Machine"]
[Result "1/2-1/2"]
[WhiteCountry "CUB"]
[BlackCountry "ENG"]
[WhiteElo "2595"]
[WhiteRD "71"]
[BlackElo "2536"]
[BlackRD "76"]
[GameID "715712"]

1. Nf3 c5 2. c4 Nc6 3. Nc3 e5 4. e3 Nf6 5. d4 e4 6. d5 exf3 7. dxc6 dxc6 8. Qxd8+ Kxd8 9. gxf3 g6 10. b3 b6
11. Bb2 Bg7 12. h4 Kc7 13. Rd1 a5 14. f4 Bg4 15. Be2 Bxe2 16. Kxe2 Nh5= 17. Rd2 Rad8 18. Na4 Rxd2+ 19. Kxd2 Bxb2 20. Nxb2 Rd8+
21. Kc2 Ng7 22. Nd3 f6 23. Nb2 Nf5 24. Na4 h5 25. Rh3 Rd7 26. Rh1=
1/2-1/2

[Event "Elite Players Over 2400"]
[Site "SchemingMind.com"]
[Date "2021.09.27"]
[Round "-"]
[White "The Chess Machine"]
[Black "Carlos Vila Hernández"]
[Result "1/2-1/2"]
[WhiteCountry "ENG"]
[BlackCountry "CUB"]
[WhiteElo "2536"]
[WhiteRD "76"]
[BlackElo "2437"]
[BlackRD "97"]
[GameID "715713"]

1. e4 e5 2. Nf3 Nc6 3. d4 exd4 4. Nxd4 Bc5 5. Nxc6 Qf6 6. Qf3 bxc6 7. Qg3 h5 8. h4 Nh6 9. f3 d5 10. Nc3 Bd4
11. Bd2 O-O 12. O-O-O Be5 13. Qe1 Re8 14. Kb1 a5 15. exd5 Bf5 16. Bg5 Qg6 17. Bd3 Rab8 18. b3 c5 19. Ne4 Qb6 20. Bxh6 gxh6
21. a4 Bd7 22. Bc4 Bxa4 23. d6 cxd6 24. Qd2 Bb5 25. Bxf7+ Kxf7 26. Qxh6 Ke7 27. Rhe1 Kd7 28. f4 Rh8 29. Qg6 Bd4 30. Rxd4 cxd4
31. Nf6+ Kc8 32. Qf5+ Kb7 33. Re7+ Ka6 34. Nd5 Qc5=
1/2-1/2

[Event "Elite Players Over 2400"]
[Site "SchemingMind.com"]
[Date "2021.09.27"]
[Round "-"]
[White "Carlos Vila Hernández"]
[Black "The Chess Machine"]
[Result "1/2-1/2"]
[WhiteCountry "CUB"]
[BlackCountry "ENG"]
[WhiteElo "2437"]
[WhiteRD "97"]
[BlackElo "2536"]
[BlackRD "76"]
[GameID "715714"]

1. e4 e6 2. d4 d5 3. Nc3 Nf6 4. e5 Nfd7 5. f4 c5 6. Nf3 Nc6 7. Be3 a6 8. Qd2 b5 9. a3 Qa5 10. Be2 Rb8
11. O-O Qb6 12. Na2 Be7 13. c3 O-O 14. Bd3 f5 15. Kh1 a5 16. Rg1 c4 17. Bc2 h5 18. Bd1 g6 19. Bf2 Rf7 20. Nh4 Bxh4
21. Bxh4 Nf8 22. Nc1 Bd7 23. b4 Ra8 24. Ne2 Be8 25. Qb2 Qb8 26. h3 Rfa7 27. Bc2 Qc7 28. Kh2 Ne7 29. Rgb1 Nc8 30. Rh1 axb4
31. cxb4 Ra6 32. Ra2 Qa7 33. Rha1 Rb8 34. Qc3 Rb7 35. Bd1 Qa8 36. Kh1=
1/2-1/2

[Event "Elite Players Over 2400"]
[Site "SchemingMind.com"]
[Date "2021.10.03"]
[Round "-"]
[White "Jari Laine"]
[Black "ramesse"]
[Result "1/2-1/2"]
[WhiteCountry "FIN"]
[BlackCountry "SVK"]
[WhiteElo "2487"]
[WhiteRD "81"]
[BlackElo "2505"]
[BlackRD "70"]
[GameID "716104"]

1. e4 c5 2. Nf3 d6 3. d4 cxd4 4. Nxd4 Nf6 5. Nc3 a6 6. Be3 e5 7. Nb3 Be6 8. Qd2 Nbd7 9. O-O-O Be7 10. f3 O-O
11. g4 b5 12. g5 Nh5 13. Nd5 Bxd5 14. exd5 f6 15. h4 Ng3 16. Rg1 Nxf1 17. Rdxf1 a5 18. Qd3 b4 19. gxf6 Nxf6 20. f4 e4
21. Qe2 Rf7 22. Nd2 Qd7 23. Bd4 Re8 24. f5 Bd8 25. Bxf6 Bxf6 26. Nxe4 Re5 27. Rg4 Qe7 28. Qd3 Rf8=
1/2-1/2

[Event "Elite Players Over 2400"]
[Site "SchemingMind.com"]
[Date "2021.10.03"]
[Round "-"]
[White "ramesse"]
[Black "Jari Laine"]
[Result "1-0"]
[WhiteCountry "SVK"]
[BlackCountry "FIN"]
[WhiteElo "2558"]
[WhiteRD "78"]
[BlackElo "2494"]
[BlackRD "79"]
[GameID "716105"]

1. e4 c5 2. Nf3 e6 3. d4 cxd4 4. Nxd4 Nf6 5. Nc3 Qc7 6. Ndb5 Qc6 7. Bf4 Na6 8. f3 d5 9. Nxa7 Qb6 10. Nxc8 Rxc8
11. Bb5+
1-0

[Event "Elite Players Over 2400"]
[Site "SchemingMind.com"]
[Date "2021.10.03"]
[Round "-"]
[White "The Chess Machine"]
[Black "ramesse"]
[Result "1/2-1/2"]
[WhiteCountry "ENG"]
[BlackCountry "SVK"]
[WhiteElo "2536"]
[WhiteRD "76"]
[BlackElo "2558"]
[BlackRD "78"]
[GameID "716106"]

1. e4 c5 2. Nf3 d6 3. d4 cxd4 4. Nxd4 Nf6 5. f3 e5 6. Nb3 Be6 7. c4 Nbd7 8. Nc3 Rc8 9. Be3 Bxc4 10. Bxc4 Rxc4
11. Qd3 Rc6 12. g4 Nc5 13. Bxc5 dxc5 14. Qxd8+ Kxd8 15. Na5 Rb6 16. O-O-O+ Kc8 17. Nc4 Re6 18. Rd3=
1/2-1/2

[Event "Elite Players Over 2400"]
[Site "SchemingMind.com"]
[Date "2021.10.03"]
[Round "-"]
[White "ramesse"]
[Black "The Chess Machine"]
[Result "1/2-1/2"]
[WhiteCountry "SVK"]
[BlackCountry "ENG"]
[WhiteElo "2558"]
[WhiteRD "78"]
[BlackElo "2536"]
[BlackRD "76"]
[GameID "716107"]

1. e4 e6 2. d4 d5 3. Nc3 Nf6 4. e5 Nfd7 5. f4 c5 6. Nf3 Nc6 7. Be3 a6 8. Qd2 b5 9. a3 Qa5 10. Be2 b4
11. Nd1 Rb8 12. O-O bxa3 13. Qxa5 Nxa5 14. dxc5 axb2 15. Nxb2 Rxb2 16. Rxa5 Rxc2 17. Bxa6 Bxc5 18. Bxc5 Rxc5 19. Rxc5 Nxc5 20. Bxc8 O-O
21. Bxe6 fxe6=
1/2-1/2

[Event "Elite Players Over 2400"]
[Site "SchemingMind.com"]
[Date "2021.10.03"]
[Round "-"]
[White "ramesse"]
[Black "Giraldo Menendez Rodriguez"]
[Result "1/2-1/2"]
[WhiteCountry "SVK"]
[BlackCountry "CUB"]
[WhiteElo "2542"]
[WhiteRD "76"]
[BlackElo "2589"]
[BlackRD "73"]
[GameID "716108"]

1. e4 c5 2. Nf3 Nc6 3. d4 cxd4 4. Nxd4 Nf6 5. Nc3 e5 6. Ndb5 d6 7. Bg5 a6 8. Na3 b5 9. Nd5 Be7 10. Bxf6 Bxf6
11. c3 Rb8 12. Nc2 Bg5 13. a4 bxa4 14. Ncb4 Nxb4 15. cxb4 Bd7 16. Bxa6 O-O 17. O-O Bc6 18. Rxa4 Bxa4 19. Qxa4 Kh8 20. Bb5 Qc8
21. Bc6 Bd8 22. b5 Bb6 23. Nxb6 Rxb6 24. Rd1 Rd8 25. h3 Qc7 26. Rd3 g6 27. Rf3 h6 28. g3 Kg7 29. Kg2 Rf8 30. b4 h5
31. Rc3 h4 32. g4 Rb7 33. Bxb7 Qxc3 34. b6 f5 35. gxf5 gxf5=
1/2-1/2

[Event "Elite Players Over 2400"]
[Site "SchemingMind.com"]
[Date "2021.10.04"]
[Round "-"]
[White "Giraldo Menendez Rodriguez"]
[Black "ramesse"]
[Result "1/2-1/2"]
[WhiteCountry "CUB"]
[BlackCountry "SVK"]
[WhiteElo "2589"]
[WhiteRD "73"]
[BlackElo "2542"]
[BlackRD "76"]
[GameID "716109"]

1. Nf3 d5 2. d4 Nf6 3. c4 c6 4. Nc3 e6 5. Bg5 h6 6. Bh4 dxc4 7. e4 g5 8. Bg3 b5 9. h4 g4 10. Ne5 h5
11. Be2 Bb7 12. O-O Nbd7 13. Qc2 Nxe5 14. Bxe5 Bg7 15. b3 O-O 16. bxc4 Nh7 17. Bxg7 Kxg7 18. e5 Qxh4 19. Ne4 c5 20. d5 bxc4
21. Bxc4 Rad8 22. g3 Qe7 23. d6 Bxe4 24. Qxe4 Qg5 25. Rae1 Qd2 26. Qf4 Qxf4 27. gxf4 f6 28. Bxe6 fxe5 29. fxe5 Ng5 30. Bd5 Nh3+
31. Kh2 h4 32. Re3 Nxf2 33. Kg2 g3 34. Rf3 Rfe8 35. Re1=
1/2-1/2

[Event "Elite Players Over 2400"]
[Site "SchemingMind.com"]
[Date "2021.10.04"]
[Round "-"]
[White "ramesse"]
[Black "Carlos Vila Hernández"]
[Result "1/2-1/2"]
[WhiteCountry "SVK"]
[BlackCountry "CUB"]
[WhiteElo "2505"]
[WhiteRD "70"]
[BlackElo "2530"]
[BlackRD "80"]
[GameID "716110"]

1. e4 e5 2. Nf3 Nc6 3. Bb5 a6 4. Ba4 Nf6 5. O-O Be7 6. Re1 b5 7. Bb3 O-O 8. h3 Bb7 9. d3 d6 10. a3 Qd7
11. Nc3 Rfe8 12. Bg5 Nd8 13. d4 exd4 14. Nxd4 h6 15. Bf4 c5 16. Nf5 c4 17. Ba2 Bxe4 18. Nxh6+ gxh6 19. Nxe4 Nxe4 20. Rxe4 Qf5
21. Qe2 d5 22. Rxe7 Rxe7 23. Qxe7 Qxf4 24. Qe8+ Kg7 25. Rd1 Qe4 26. Qxe4 dxe4 27. b3 b4 28. Rd4 f5 29. axb4 c3 30. Rc4 Ne6
31. Rxc3 Rd8 32. b5 axb5 33. b4=
1/2-1/2

[Event "Elite Players Over 2400"]
[Site "SchemingMind.com"]
[Date "2021.10.08"]
[Round "-"]
[White "Carlos Vila Hernández"]
[Black "ramesse"]
[Result "1/2-1/2"]
[WhiteCountry "CUB"]
[BlackCountry "SVK"]
[WhiteElo "2530"]
[WhiteRD "80"]
[BlackElo "2505"]
[BlackRD "70"]
[GameID "716111"]

1. e4 c5 2. Nf3 d6 3. d4 cxd4 4. Nxd4 Nf6 5. Nc3 a6 6. Be3 e5 7. Nb3 Be6 8. f3 Be7 9. Qd2 O-O 10. O-O-O Nbd7
11. g4 b5 12. g5 Nh5 13. Kb1 Nb6 14. Nd5 Nxd5 15. exd5 Bf5 16. Na5 f6 17. h4 Ng3 18. Nc6 Qd7 19. Rh2 Nxf1 20. Rxf1 fxg5
21. hxg5 Rae8 22. Rhf2 Bg6 23. b3 Rf5 24. Kb2 Bf8 25. f4 exf4 26. Rxf4 Rxf4 27. Rxf4 Be7 28. Rf2 Bf8 29. Nb4 a5 30. Nc6 a4=
1/2-1/2

[Event "Elite Players Over 2400"]
[Site "SchemingMind.com"]
[Date "2021.10.04"]
[Round "-"]
[White "Jari Laine"]
[Black "Servelión Graterol Hernández"]
[Result "1/2-1/2"]
[WhiteCountry "FIN"]
[BlackCountry "VEN"]
[WhiteElo "2487"]
[WhiteRD "81"]
[BlackElo "2571"]
[BlackRD "68"]
[GameID "716127"]

1. e4 c5 2. Nf3 d6 3. d4 cxd4 4. Nxd4 Nf6 5. Nc3 a6 6. Be3 e5 7. Nb3 Be6 8. Qd2 Nbd7 9. O-O-O Be7 10. f3 h5
11. Kb1 b5 12. Nd5 Bxd5 13. exd5 Nb6 14. Bxb6 Qxb6 15. h4 a5 16. Qd3 Rb8 17. Nd2 O-O 18. Be2 Rfc8 19. c3 g6 20. g4 Kg7
21. g5 Nd7 22. Ne4 Nc5 23. Nxc5 dxc5 24. c4 bxc4 25. Qc3 Qb4 26. Kc2 Rb6 27. Bxc4 f6 28. d6 Bxd6 29. gxf6+ Kxf6 30. Rd5 Qxc3+=
1/2-1/2

[Event "Elite Players Over 2400"]
[Site "SchemingMind.com"]
[Date "2021.10.04"]
[Round "-"]
[White "Servelión Graterol Hernández"]
[Black "Jari Laine"]
[Result "1/2-1/2"]
[WhiteCountry "VEN"]
[BlackCountry "FIN"]
[WhiteElo "2572"]
[WhiteRD "67"]
[BlackElo "2482"]
[BlackRD "80"]
[GameID "716128"]

1. d4 Nf6 2. Bg5 d5 3. Nd2 c5 4. e3 cxd4 5. exd4 Qb6 6. Ngf3 Nc6 7. Nb3 Bg4 8. Bf4 Ne4 9. Be2 e6 10. O-O Bd6
11. Bxd6 Nxd6 12. h3 Bf5 13. c3 a5 14. a4 O-O 15. Nc5 Qxb2 16. Bd3 Bxd3 17. Qxd3 Ne4 18. Nxe4 dxe4 19. Qxe4 Qxc3 20. Ng5 g6
21. Qh4 h5 22. Ne4 Qxd4 23. Rad1 Qb4 24. Nf6+ Kg7 25. Nxh5+ gxh5 26. Qg5+=
1/2-1/2

[Event "Elite Players Over 2400"]
[Site "SchemingMind.com"]
[Date "2021.10.04"]
[Round "-"]
[White "The Chess Machine"]
[Black "Servelión Graterol Hernández"]
[Result "1/2-1/2"]
[WhiteCountry "ENG"]
[BlackCountry "VEN"]
[WhiteElo "2541"]
[WhiteRD "81"]
[BlackElo "2610"]
[BlackRD "73"]
[GameID "716129"]

1. e4 c5 2. Nf3 d6 3. d4 cxd4 4. Nxd4 Nf6 5. Nc3 a6 6. f3 e5 7. Nb3 Be6 8. Be3 h5 9. Qd2 Nbd7 10. Nd5 Bxd5
11. exd5 g6 12. Be2 Bg7 13. O-O b6 14. c4 O-O 15. Rae1 Re8 16. Kh1 Rc8 17. Bg5 Qc7 18. Bd3 Nh7 19. Be3 Nhf6 20. Bg5 Nh7
21. Be3=
1/2-1/2

[Event "Elite Players Over 2400"]
[Site "SchemingMind.com"]
[Date "2021.10.04"]
[Round "-"]
[White "Servelión Graterol Hernández"]
[Black "The Chess Machine"]
[Result "1/2-1/2"]
[WhiteCountry "VEN"]
[BlackCountry "ENG"]
[WhiteElo "2572"]
[WhiteRD "67"]
[BlackElo "2543"]
[BlackRD "77"]
[GameID "716130"]

1. d4 d5 2. c4 dxc4 3. e3 Nf6 4. Bxc4 e6 5. Nf3 c5 6. O-O a6 7. Bb3 b5 8. a4 b4 9. Nbd2 Bb7 10. e4 Be7
11. e5 Nfd7 12. Nc4 O-O 13. Nd6 Bxd6 14. exd6 cxd4 15. Nxd4 Nc5 16. Be3 Nxb3 17. Nxb3 Bd5 18. Rc1 Nc6 19. f4 Re8 20. Bc5 Rc8
21. a5 Qd7 22. Qd3 h6 23. h3 Bxb3 24. Qxb3 Nxa5 25. Qd3 Rb8 26. Be3 Rec8 27. Qxa6 Nb7 28. Kh2 b3 29. Rxc8+ Rxc8 30. Rd1 Rc2
31. Rd3 Rxb2 32. Qa8+ Kh7 33. Bd4 Qxd6 34. Bxb2 Qxd3 35. Qxb7 Qc2 36. Ba3 Kg6 37. Qb4 f6 38. Qd4 Kf5 39. Kg3 Qe4 40. Qc5+=
1/2-1/2

[Event "Elite Players Over 2400"]
[Site "SchemingMind.com"]
[Date "2021.10.04"]
[Round "-"]
[White "ramesse"]
[Black "Servelión Graterol Hernández"]
[Result "1/2-1/2"]
[WhiteCountry "SVK"]
[BlackCountry "VEN"]
[WhiteElo "2542"]
[WhiteRD "76"]
[BlackElo "2572"]
[BlackRD "67"]
[GameID "716131"]

1. e4 c5 2. Nf3 d6 3. d4 cxd4 4. Nxd4 Nf6 5. Nc3 a6 6. Be3 e5 7. Nb3 Be6 8. f3 h5 9. Nd5 Bxd5 10. exd5 Nbd7
11. Qd2 g6 12. O-O-O Nb6 13. Kb1 Nfxd5 14. Bf2 Nf6 15. Bh4 Be7 16. Bxf6 Bxf6 17. Qxd6 Qxd6 18. Rxd6 Bd8 19. Rd1 Rb8=
1/2-1/2

[Event "Elite Players Over 2400"]
[Site "SchemingMind.com"]
[Date "2021.10.04"]
[Round "-"]
[White "Servelión Graterol Hernández"]
[Black "ramesse"]
[Result "1/2-1/2"]
[WhiteCountry "VEN"]
[BlackCountry "SVK"]
[WhiteElo "2571"]
[WhiteRD "68"]
[BlackElo "2505"]
[BlackRD "70"]
[GameID "716132"]

1. Nf3 d5 2. d4 Nf6 3. c4 c6 4. g3 g6 5. b3 Bg7 6. Nbd2 O-O 7. Bg2 Bf5 8. O-O a5 9. Nh4 Be6 10. Bb2 a4
11. Nhf3 Nbd7 12. Re1 b5 13. cxd5 cxd5 14. Bc3 Nb8 15. Rc1 Ra7 16. Ne5 Qd6 17. bxa4 Rxa4 18. Qb3 Qa6 19. Nd3 Ra3 20. Qd1 Nc6
21. Nc5 Qb6 22. Nxe6 fxe6 23. e3 b4 24. Bb2 Rxa2=
1/2-1/2

[Event "Elite Players Over 2400"]
[Site "SchemingMind.com"]
[Date "2021.10.03"]
[Round "-"]
[White "Giraldo Menendez Rodriguez"]
[Black "Servelión Graterol Hernández"]
[Result "1/2-1/2"]
[WhiteCountry "CUB"]
[BlackCountry "VEN"]
[WhiteElo "2589"]
[WhiteRD "73"]
[BlackElo "2572"]
[BlackRD "67"]
[GameID "716133"]

1. Nf3 Nf6 2. d4 d5 3. c4 c6 4. Nc3 e6 5. Bg5 h6 6. Bh4 dxc4 7. e4 g5 8. Bg3 b5 9. h4 g4 10. Ne5 Nbd7
11. Be2 Nxe5 12. Bxe5 Rg8 13. O-O Bb7 14. g3 a6 15. Re1 Bb4 16. a4 Bxc3 17. Bxf6 Qxf6 18. bxc3 h5 19. Rb1 O-O-O 20. Qc1 Qe7
21. Qe3 Rg6 22. Red1 e5 23. d5 Rgd6 24. axb5 cxb5 25. f3 gxf3 26. Bxf3 Kb8 27. Bxh5 Rg8 28. Kh2 Bc8 29. Rf1 Qd7 30. g4 Rxg4
31. Bxg4 Qxg4 32. Qg3 Qh5 33. Qg5=
1/2-1/2

[Event "Elite Players Over 2400"]
[Site "SchemingMind.com"]
[Date "2021.10.03"]
[Round "-"]
[White "Servelión Graterol Hernández"]
[Black "Giraldo Menendez Rodriguez"]
[Result "1/2-1/2"]
[WhiteCountry "VEN"]
[BlackCountry "CUB"]
[WhiteElo "2572"]
[WhiteRD "67"]
[BlackElo "2589"]
[BlackRD "73"]
[GameID "716134"]

1. e4 c5 2. Ne2 Nf6 3. Nbc3 d5 4. exd5 Nxd5 5. g3 Nxc3 6. Nxc3 Bf5 7. Bg2 Qd7 8. d3 Nc6 9. O-O Rc8 10. a4 Bg4
11. f3 Bh5 12. Ne4 e6 13. Nd2 b6 14. Nc4 Be7 15. g4 Bg6 16. f4 h5 17. g5 Bd6 18. Bxc6 Rxc6 19. b3 a6 20. Qe2 O-O
21. Bb2 Kh7 22. Be5 Bc7 23. Bxc7 Qxc7 24. Rf2 Rd8 25. h3 Rd5 26. Qe3 Qd8 27. Ne5 Rc8 28. Kh2 Qc7 29. Rg2 Rcd8 30. Qg3 Kg8
31. Re1 Rf8 32. Kg1 b5 33. axb5 axb5 34. Nxg6 fxg6 35. Rxe6=
1/2-1/2

[Event "Elite Players Over 2400"]
[Site "SchemingMind.com"]
[Date "2021.10.04"]
[Round "-"]
[White "Servelión Graterol Hernández"]
[Black "Carlos Vila Hernández"]
[Result "1/2-1/2"]
[WhiteCountry "VEN"]
[BlackCountry "CUB"]
[WhiteElo "2572"]
[WhiteRD "67"]
[BlackElo "2493"]
[BlackRD "85"]
[GameID "716135"]

1. e4 e5 2. Nf3 Nc6 3. Bc4 Nf6 4. d3 Bc5 5. c3 a6 6. O-O d6 7. a4 h6 8. Re1 O-O 9. h3 Ba7 10. Nbd2 Re8
11. b4 Be6 12. Qc2 Bxc4 13. Nxc4 d5 14. Ne3 Bxe3 15. Bxe3 Qd7 16. Rac1 Rad8 17. exd5 Qxd5 18. Rcd1 b6 19. d4 Qc4 20. Nxe5 Nxe5
21. dxe5 Nd5 22. Rd2 Rxe5 23. Rd4 Qc6 24. Bd2 Rxe1+ 25. Bxe1 Qe6 26. Re4=
1/2-1/2

[Event "Elite Players Over 2400"]
[Site "SchemingMind.com"]
[Date "2021.10.05"]
[Round "-"]
[White "Carlos Vila Hernández"]
[Black "Servelión Graterol Hernández"]
[Result "1/2-1/2"]
[WhiteCountry "CUB"]
[BlackCountry "VEN"]
[WhiteElo "2484"]
[WhiteRD "86"]
[BlackElo "2610"]
[BlackRD "73"]
[GameID "716136"]

1. e4 c5 2. Nf3 d6 3. d4 cxd4 4. Nxd4 Nf6 5. Nc3 a6 6. Be3 e5 7. Nb3 Be6 8. f3 h5 9. Nd5 Bxd5 10. exd5 Nbd7
11. Qd2 g6 12. O-O-O Nb6 13. Kb1 Nfxd5 14. Bf2 Nf6 15. Na5 Qc7 16. Bh4 Nfd7 17. f4 Rc8 18. Be2 Bh6 19. c4 d5 20. Qb4 Bf8
21. Qd2=
1/2-1/2